Riconosci il Pokémon - Quiz n°284 - Statistics

Statistiche generali
  • Questo quiz è stato fatto 1 volte
  • Il punteggio medio è 10 su 10
Statistiche sulle risposte
Indizio Risposta % Corretto
Altezza 1,0 m; 1,1 m (Alola)
100%
Peso 32,0 kg, 33,0 kg (Alola)
100%
Sesso 50% ♂, 50% ♀
100%
Tasso di cattura 90 (20.1%)
100%
Tasso di allevamento Medio-Veloce
100%
Tipo Normale; Buio (Alola)
100%
Pokémon Persian
100%
Generazione Prima
100%
Stadio evoluzione Prima evoluzione
100%
Abilità Scioltezza; Agitazione, Tecnico (Normale; Alola); Foltopelo (Alola); Paura (Alola)
100%
Nessun quiz corrispondente trovato
Distribuzione punteggi
Percentuale di utenti per punteggio
Percentile per numero di risposta
I tuoi punteggi nel tempo
Non hai fatto questo quiz